BIBLIOTECA

SENCICO

Proyecto XIV 3 : "Habiterra: Sistematización del uso de la tierra en viviendas de interés social" (Informe inicial) (Registro nro. 1943)

Detalles MARC
000 -LEADER
fixed length control field 00654nam a2200193Ia 4500
005 - DATE AND TIME OF LATEST TRANSACTION
control field 20251020182527.0
008 - FIXED-LENGTH DATA ELEMENTS--GENERAL INFORMATION
fixed length control field 200515s9999 xx 000 0 und d
082 ## - DEWEY DECIMAL CLASSIFICATION NUMBER
Classification number 693.3/I59/1990
245 #0 - TITLE STATEMENT
Title Proyecto XIV 3 : "Habiterra: Sistematización del uso de la tierra en viviendas de interés social" (Informe inicial)
260 ## - PUBLICATION, DISTRIBUTION, ETC.
Place of publication, distribution, etc. Santiago de Chile
260 ## - PUBLICATION, DISTRIBUTION, ETC.
Date of publication, distribution, etc. 1990
300 ## - PHYSICAL DESCRIPTION
Extent Instituto de Cooperación Iberoamericana Comisión Asesora de Investigación Científica y Técnica
500 ## - GENERAL NOTE
General note 1 ejemplar
520 ## - SUMMARY, ETC.
Summary, etc. Informe de las reuniones y proyectos
650 ## - SUBJECT ADDED ENTRY--TOPICAL TERM
Topical term or geographic name entry element ACTAS
650 ## - SUBJECT ADDED ENTRY--TOPICAL TERM
Topical term or geographic name entry element CONSTRUCCIONES EN TIERRA
650 ## - SUBJECT ADDED ENTRY--TOPICAL TERM
Topical term or geographic name entry element LIB
942 ## - ADDED ENTRY ELEMENTS (KOHA)
Koha item type Libros
Existencias
Fecha de la última vez que lo usaron Pago total Signatura topográfica completa Código de barras Precio efectivo desde Tipo de documento Estado perdido Estado dañado No es para préstamo Retirado Ubicación permanente Ubicación actual Fecha de adquisición
15/05/2020   693.3/I59/1990 Bib-Lima15051943 15/05/2020 Libros         Biblioteca Central Lima Biblioteca Central Lima 15/05/2020